Guess the Taylor Swift Song (no hints) 58 - Statistics

General Stats
  • This quiz has been taken 99 times
  • The average score is 317 of 420
Answer Stats
Answer % Correct
I
100%
the
100%
The
100%
a
98%
you
98%
You
98%
an
97%
it
95%
me,
95%
me
95%
me"
95%
Then,
95%
and
94%
And
94%
be
94%
Do
94%
I'm
94%
in
94%
In
94%
in,
94%
Is
94%
it's
94%
It's
94%
your
94%
that
92%
That
92%
to
92%
we
92%
love
90%
my
90%
no,
90%
when
90%
When
90%
I'll
89%
on
89%
she
89%
so
89%
who
89%
you're
89%
too
87%
all
86%
But
86%
don't
86%
for
86%
go?"
86%
of
86%
say,
86%
say
86%
they
86%
what
86%
at
84%
At
84%
mine
84%
think
84%
were
84%
we're
84%
bet
83%
know
83%
like
83%
Oh,
83%
"Oh
83%
about
81%
can't
81%
have
81%
was
81%
Was
81%
"Why
81%
did
79%
had?
79%
just
79%
Just
79%
never
78%
not
78%
now
78%
Now
78%
she's
78%
shoes
78%
than
78%
up
78%
her
75%
out
75%
said
75%
get
71%
has
71%
that's
71%
you'll
71%
'cause
70%
time
70%
still
68%
every
67%
with
67%
With
67%
over
65%
Yeah,
65%
yeah,
65%
free
63%
God,
63%
let
63%
tell
63%
better
62%
couldn't
62%
friends
62%
girl
62%
insane,
62%
make
62%
back
60%
Does
59%
awake,
57%
done
57%
done,
57%
fine
57%
lookin'
57%
need?
57%
song
57%
wasn't
57%
3 a.m.
56%
bed
56%
eyes
56%
Fast
56%
hadn't
56%
Well,
56%
wrote
56%
asleep
54%
city
52%
heard
52%
leave
52%
Yes,
52%
feel
51%
fall
49%
fell
49%
hard
49%
house
49%
Thinkin'
49%
forget
48%
help
48%
old
48%
room
48%
believe
46%
couch
46%
farm,
46%
happy
46%
harder
46%
last
46%
life
46%
million-dollar
46%
book
44%
community
44%
dreams,
44%
gated
44%
grew
44%
organic
44%
realized
44%
world,
44%
'bout
43%
different
43%
laughed
43%
pedigree
43%
sad
43%
saved
43%
silver-spoon,
43%
sit
43%
dancin'
41%
early
41%
'em
41%
felt
41%
jokes
41%
livin'
41%
mansion
41%
Scared
41%
scared
41%
snow
41%
spring
41%
talkin'
41%
kitchen
40%
meaning
40%
Mr.
40%
raised
40%
sayin',
40%
searchin'
40%
space
40%
around
38%
cool
38%
fit
38%
music
38%
reality
38%
rolled
38%
shrink
38%
table
38%
tried
38%
week
38%
concerts
37%
indie
37%
shiny,
37%
Beverly
35%
bills
35%
crept
35%
Hills
35%
loud
35%
mattered
35%
none
35%
shit
35%
soul
35%
Superior
35%
voices
35%
block
33%
circles
33%
hip,
33%
huh
33%
turned
33%
bright
32%
Chasing
27%
Glamorous,
27%
make-believe
27%
upper-crust
27%
status,
24%
No matching quizzes found
Score Distribution
Percent of People with Each Score
Percentile by Number Answered
Your Score History
You have not taken this quiz